| 000 | 00894nam a2200253 i 4500 | ||
|---|---|---|---|
| 005 | 20220802104652.0 | ||
| 008 | 220802s2021 -ukao g 001 0 eng d | ||
| 020 |
_a9781784946173 _cRM 72.50 _qpaperback |
||
| 040 |
_aPPAK _beng _cPPAK _erda |
||
| 082 | 0 | 4 |
_223 _a743.835 |
| 090 | 0 | 0 |
_a743.835 _bJOH _dG |
| 100 | 1 |
_aJohns, Susie, _eauthor. |
|
| 245 | 1 | 0 |
_aSTILL LIFE : _bTECHNIQUES AND TUTORIALS FOR THE COMPLETE BEGINNER / _cSUSIE JOHNS |
| 264 | 1 |
_aEast Sussex, United Kingdom : _bGuild of Master Craftsman Publications Ltd, _c2021. |
|
| 300 |
_a95 pages : _bcolour illustrations, photographs ; _c28 x 22 cm. |
||
| 336 |
_2rdacontent _atext _astill images |
||
| 337 |
_2rdamedia _aunmediated |
||
| 338 |
_2rdacarrier _avolume |
||
| 500 | _aIncludes index. | ||
| 650 | 1 | 0 |
_aDrawing _xTechnique. |
| 650 | 2 | 0 |
_aWatercolor painting _xTechnique. |
| 650 | 2 | 0 | _aStill-life in art. |
| 942 |
_2ddc _cB |
||
| 999 |
_c188623 _d188623 |
||